000 00378nam a2200145Ia 4500
008 230917s9999||||xx |||||||||||||| ||und||
040 _e52094
_aMAIN
041 _aEnglish
082 _a350.1 S64P
100 _aSinha, V M
245 0 _aPersonnel administration: Concepts and comparative perspectives
260 _aJaipur
_bRBSA
_c1986
300 _axiv, 555 p.
942 _cBK
999 _c232595
_d232595